<?xml version="1.0" encoding="UTF-8"?><?xml-stylesheet type="text/xsl" href="static/style.xsl"?><OAI-PMH xmlns="http://www.openarchives.org/OAI/2.0/" xmlns:xsi="http://www.w3.org/2001/XMLSchema-instance" xsi:schemaLocation="http://www.openarchives.org/OAI/2.0/ http://www.openarchives.org/OAI/2.0/OAI-PMH.xsd"><responseDate>2026-04-13T07:36:59Z</responseDate><request verb="GetRecord" identifier="oai:www.recercat.cat:2445/153386" metadataPrefix="marc">https://recercat.cat/oai/request</request><GetRecord><record><header><identifier>oai:recercat.cat:2445/153386</identifier><datestamp>2025-11-21T05:15:06Z</datestamp><setSpec>com_2072_1057</setSpec><setSpec>col_2072_478860</setSpec><setSpec>col_2072_478917</setSpec></header><metadata><record xmlns="http://www.loc.gov/MARC21/slim" xmlns:dcterms="http://purl.org/dc/terms/" xmlns:xsi="http://www.w3.org/2001/XMLSchema-instance" xmlns:doc="http://www.lyncode.com/xoai" xsi:schemaLocation="http://www.loc.gov/MARC21/slim http://www.loc.gov/standards/marcxml/schema/MARC21slim.xsd">
   <leader>00925njm 22002777a 4500</leader>
   <datafield ind2=" " ind1=" " tag="042">
      <subfield code="a">dc</subfield>
   </datafield>
   <datafield ind2=" " ind1=" " tag="720">
      <subfield code="a">Roviralta-Vilella, Maria</subfield>
      <subfield code="e">author</subfield>
   </datafield>
   <datafield ind2=" " ind1=" " tag="720">
      <subfield code="a">Moreno Poyato, Antonio Rafael</subfield>
      <subfield code="e">author</subfield>
   </datafield>
   <datafield ind2=" " ind1=" " tag="720">
      <subfield code="a">Rodríguez-Nogueira, Òscar</subfield>
      <subfield code="e">author</subfield>
   </datafield>
   <datafield ind2=" " ind1=" " tag="720">
      <subfield code="a">Duran-Jorda, Xavier</subfield>
      <subfield code="e">author</subfield>
   </datafield>
   <datafield ind2=" " ind1=" " tag="720">
      <subfield code="a">Roldán Merino, Juan Francisco</subfield>
      <subfield code="e">author</subfield>
   </datafield>
   <datafield ind2=" " ind1=" " tag="260">
      <subfield code="c">2020-03-23T15:37:16Z</subfield>
   </datafield>
   <datafield ind2=" " ind1=" " tag="260">
      <subfield code="c">2020-12-01T06:10:18Z</subfield>
   </datafield>
   <datafield ind2=" " ind1=" " tag="260">
      <subfield code="c">2019-12-01</subfield>
   </datafield>
   <datafield ind2=" " ind1=" " tag="260">
      <subfield code="c">2020-03-23T15:37:16Z</subfield>
   </datafield>
   <datafield ind2=" " ind1=" " tag="520">
      <subfield code="a">The therapeutic relationship constitutes the central axis of mental health nursing. The clinical practice environment has been empirically related to the quality of care. However, the relationship between the two constructs is unknown in the setting of mental health units. We aimed to examine whether the practice environment and nurses' characteristics influence the therapeutic relationship in mental health units. Through a cross-sectional design, data were collected via an online form completed by nurses in 18 mental health units. Linear regression was used to examine the relationship between the clinical practice environment and the therapeutic relationship. Questionnaires were completed by 198 participants. The mean age was 33.8 (SD 9.1) years, 71.7% were women, and only 20.2% had a specialist qualification in mental health. The therapeutic relationship was better when there was a more favourable practice environment (B: 3.111; 95% CI: 1.46-4.75). The most influential environment-related factor was the nursing foundations for quality of care (B: 2.124; 95% CI: 0.17-4.07). The factors associated with a high-quality therapeutic relationship were a more favourable practice environment and the presence of more foundations for quality nursing care, coupled with higher academic attainment and longer nursing experience. Institutions should take into account the importance of the nursing practice environment in mental health units. Aspects related to the quality of nursing foundations, such as training, the use of nursing language and taxonomy, and the existence of a common nursing philosophy, are influential for a high-quality therapeutic relationship.</subfield>
   </datafield>
   <datafield tag="653" ind2=" " ind1=" ">
      <subfield code="a">Investigació en infermeria</subfield>
   </datafield>
   <datafield tag="653" ind2=" " ind1=" ">
      <subfield code="a">Medi ambient</subfield>
   </datafield>
   <datafield tag="653" ind2=" " ind1=" ">
      <subfield code="a">Infermeria basada en l'evidència</subfield>
   </datafield>
   <datafield tag="653" ind2=" " ind1=" ">
      <subfield code="a">Relacions infermera-pacient</subfield>
   </datafield>
   <datafield tag="653" ind2=" " ind1=" ">
      <subfield code="a">Nursing research</subfield>
   </datafield>
   <datafield tag="653" ind2=" " ind1=" ">
      <subfield code="a">Natural environment</subfield>
   </datafield>
   <datafield tag="653" ind2=" " ind1=" ">
      <subfield code="a">Evidence-based nursing</subfield>
   </datafield>
   <datafield tag="653" ind2=" " ind1=" ">
      <subfield code="a">Nurse-patient relationships</subfield>
   </datafield>
   <datafield ind2="0" ind1="0" tag="245">
      <subfield code="a">Relationship between the nursing practice environment and the therapeutic relationship in acute mental health units: a cross-sectional study</subfield>
   </datafield>
</record></metadata></record></GetRecord></OAI-PMH>